000 00310nam a22001337a 4500
008 170815b xxu||||| |||| 00| 0 eng d
020 _a9780471368588
041 _aeng
080 _25TH
_a51
100 _a36
101 _aMAT
245 _aMATHEMATICS FOR ELEMENTARY TEACHERS
_cMUSSER,G.L
942 _2udc
_cBK
999 _c23590
_d23590